Match the Elliott Smith Lyric to the Song - Statistics

General Stats
  • This quiz has been taken 24 times
  • The average score is 6 of 15
Answer Stats
Lyric Song Title % Correct
"You drank yourself into slow-motion, Made an angel in the snow" Clementine
76%
"But you idiot kid, You don't have a clue" Needle in the Hay
71%
"Throwing can out to the crowd, Dragging down the main" Ballad of Big Nothing
62%
"With hidden crack that don't show, But that constantly just grow" 2:45 am
57%
"Did you add up all the cards left to play to zero" Angeles
57%
"Start, stop, and start, stupid acting smart" Pictures of Me
52%
"And I gotta hear the same sermon, All the time now from you people" Everything Reminds Me of Her
48%
"Got a broken heart and you name on my cast" No Name #5
48%
"Im not what's missing form your life now, I could never be the puzzle pieces" Pitseleh
48%
"Got his hat tipped bottle back in between his teeth" Condor Ave
29%
"And they all got to say what you should and shouldn't do" St. Ides Heaven
29%
"I don't need a remedy I'm everything I'm supposed to be" Junk Bond Trader
19%
"Now, they're gonna go say the words in the wrong order again" Punch and Judy
14%
"I can't make an exception for a bad connection, That only goes one way" Division Day
10%
"Just to Listen is really tough, Cause you're on it all the time" No Confidence Man
10%
No matching quizzes found
Score Distribution
Percent of People with Each Score
Percentile by Number Answered
Your Score History
You have not taken this quiz